Highest Paid Musicians 2012 - Statistics

General Stats
  • This quiz has been taken 658 times
  • The average score is 8 of 25
Answer Stats
$M earned Artist/Band % Correct
$40 Beyonce
75%
$38 Jay-Z
65%
$55 Justin Bieber
65%
$45 Katy Perry
65%
$53 Rihanna
64%
$57 Taylor Swift
64%
$52 Lady Gaga
58%
$35 Kanye West
49%
$35 Adele
45%
$58 Britney Spears
34%
$78 U2
33%
$37 Coldplay
27%
$86 Elton John
26%
$57 Paul McCartney
21%
$110 Dr Dre
18%
$45 Diddy
11%
$60 Bon Jovi
9%
$69 Take That
8%
$39 Red Hot Chili Peppers
7%
$47 Foo Fighters
6%
$55 Toby Keith
5%
$44 Kenny Chesney
4%
$34 Michael Buble
3%
$88 Roger Waters
3%
$33 Sade
1%
No matching quizzes found
Score Distribution
Percent of People with Each Score
Percentile by Number Answered
Your Score History
You have not taken this quiz